000 01720nam a22004337a 4500
003 CHAP
005 20220817044318.0
008 100203s2009 mx a r 00010 spa d
010 _a97471
011 _a98443
035 _a109128
040 _cCHAP
090 _aTesis
100 1 _aAyala Torres, Ana María.
_98981
245 1 0 _aInsecticidas / acaricidas para el control de trips (Frankliniella occidentalis Pergande) y ácaros (Tetranychus urticae Koch) en el cultivo del rosal, en Villa Guerrero, Estado de México
_c/por Ana María Ayala Torres
260 _aChapingo, Méx. :
_bEl autor,
_c2009
300 _avii, 64 h. :
_bilus., gráfs.
502 _aTesis (Ing. Agr. Esp. en Parasitología Agrícola) -- UACH. Departamento de Parasitología Agrícola
530 _aTambién disponible en línea
590 _aALEPH
_b10
_c20130110
_lUCH01
_h1531
590 _aBATCH-UPD
_b10
_c20130110
_lUCH01
_h1352
590 _aBATCH-UPD
_b10
_c20130410
_lUCH01
_h0848
590 _aBATCH-UPD
_b10
_c20130914
_lUCH01
_h0500
590 _aBATCH-UPD
_b10
_c20140324
_lUCH01
_h1514
590 _aBATCH-UPD
_b10
_c20141002
_lUCH01
_h0841
590 _aBATCH
_b00
_c20181121
_lUCH01
_h0758
590 _aCONVERSION
_b10
_c20130109
_lUCH01
_h1354
650 1 4 _aÁcaros.
650 1 4 _aControl químico.
_927604
650 1 4 _aPlantas
_xFloración.
_988841
650 1 4 _aRosas
_xPlagas.
_999982
650 1 4 _aTisanópteros.
_9113414
856 _3Finding aid
_uhttp://10.13.5.2/tesis/109128.pdf
_zTeclea aqui
856 _a1
_n0000673
901 _aBK
942 _cFOLL
949 _aTesis
_bBC
_cTES
_d33724002131298
_eTS1
_gDonaciØn
_h49963
_i109128
_sb
949 _aTesis
_bBC
_cTES
_d33724002131330
_eTS2
_fc.2
_gDonaciØn
_h49964
_i109128
_sb
999 _c97471
_d97471